Marketingové a finanční aspekty tvorby systému řízení pohledávek

Tvorba systému riadenia pohľadávok. Obsahová náplň manažmentu pohľadávok. Špecifikácia faktorov ovplyvňujúcich riadenie pohľadávok. Voľba úverovej politiky.

Na minha lista:
Detalhes bibliográficos
Autor principal: Pecinová, Zuzana
Formato: Capítulo de Livro
Idioma:tcheco
Assuntos:
Tags: Adicionar Tag
Sem tags, seja o primeiro a adicionar uma tag!

MARC

LEADER 00000naa a2200000 4500
001 r046784
005 20230921120720.8
041 0 |a cze 
044 |a CZ 
245 1 0 |a Marketingové a finanční aspekty tvorby systému řízení pohledávek  |c Zuzana Pecinová 
520 |a Tvorba systému riadenia pohľadávok. Obsahová náplň manažmentu pohľadávok. Špecifikácia faktorov ovplyvňujúcich riadenie pohľadávok. Voľba úverovej politiky. 
610 2 0 |a pohľadávky 
610 2 0 |a riadenie 
610 2 0 |a vzťahy obchodné 
610 2 0 |a manažment finančný 
610 2 0 |a politika úverová 
610 2 0 |a úver obchodný 
100 1 |a Pecinová, Zuzana